| 000 | 00998cam a2200265 i 4500 | ||
|---|---|---|---|
| 001 | bg | ||
| 003 | BPK | ||
| 005 | 20200424135039.0 | ||
| 008 | 970903s1990 pl a f f |000 0 pol | ||
| 015 | _aPB 1990/3598 | ||
| 040 | _cBPK | ||
| 080 | _a621 | ||
| 080 | _a(075.8) | ||
| 100 | 1 |
_aOziemski, Stanisław _d(1923- ) _eAutor |
|
| 245 | 1 | 0 |
_aKonstrukcje nośne maszyn roboczych ciężkich : _bpodstawy teoretyczne i zasady projektowania / _cStanisław Oziemski, Wojciech Sobczykiewicz. |
| 260 |
_aWarszawa : _bWydawnictwa Politechniki Warszawskiej, _c1990. |
||
| 300 |
_a414 s. : _brys., wykr. ; _c24 cm. |
||
| 504 | _aBibliogr. przy rozdz. | ||
| 650 | 4 |
_aMaszyny _xbudowa i konstrukcje. |
|
| 655 | 4 | _aPodręczniki akademickie | |
| 700 | 1 |
_aSobczykiewicz, Wojciech _eAutor |
|
| 710 | 2 |
_aWydawnictwa Politechniki Warszawskiej _4pbl. |
|
| 856 |
_uhttp://koha.tu.koszalin.pl/cgi-bin/koha/opac-detail.pl?biblionumber=4087 _yKatalog online BPK |
||
| 942 |
_2UKD _cKS |
||
| 999 |
_c4087 _d4087 |
||